| 000 | 00981cad a22002295a 4500 | ||
|---|---|---|---|
| 001 | L139821 | ||
| 008 | 070813s2007 cc d f s 000 0 eng d | ||
| 035 | _a(Sirsi) u139821 | ||
| 041 | 0 | _aeng | |
| 050 | 0 | 4 | _a333.33 $2 18 |
| 110 | 2 |
_aNAI Global _95315 |
|
| 245 | 0 | 0 |
_aAsia Pacific regional overview _b2007 _h[electronic resource] |
| 260 |
_aHong Kong _bNAI Global _c2007 |
||
| 490 | 0 |
_aNAI Global Asia Pacific Regional Overview _v2007 |
|
| 520 | _aProvides detailed market reports on key cities and countries in the Asia Pacific region. Includes rental and vacancy figures for office, industrial and retail property. Also covers development land and provides key demographic and economic statistics. | ||
| 590 | _aKA | ||
| 650 | 2 | 4 | _aNAI GLOBAL ASIA PACIFIC REGIONAL OVERVIEW |
| 651 | 4 | _aAsia | |
| 690 | _aPROPERTY-COMMERCIAL PROPERTY-COMMERCIAL PROPERTY MARKET | ||
| 856 | 4 | 0 |
_uhttps://www.naiglobal.com _zView the item free of charge at www.naiglobal.com... |
| 942 | _n0 | ||
| 999 |
_c107356 _d107356 |
||